000 01466nam a22003257a 4500
001 20129726
005 20230517124136.0
008 230517b |||||||| |||| 00| 0 eng d
010 _a 2017959942
020 _a9780198804338 (hardback)
040 _aDLC
_beng
_erda
_cKMU
_dKMU
042 _apcc
050 0 0 _aQC 809.F5 Zei
_bZ45 2018
100 1 _aZeitlin, V.
_q(Vladimir)
_eauthor.
245 1 0 _aGeophysical fluid dynamics :
_bunderstanding (almost) everything with rotating shallow water models /
_cVladimir Zeitlin, Laboratory of Dynamical Meteorology, Sorbonne University and École Normale, Supérieure Paris, France.
250 _aFirst edition.
264 1 _aOxford, United Kingdom :
_bOxford University Press,
_c2018.
300 _axix, 488 pages :
_billustrations (some color)
_c25 cm
336 _atext
_btxt
_2rdacontent
337 _aunmediated
_bn
_2rdamedia
338 _avolume
_bnc
_2rdacarrier
504 _aIncludes bibliographical references (475-484) and index.
650 0 _aGeophysics
_xFluid models
_vTextbooks.
650 0 _aFluid dynamics
_xMathematical models
_vTextbooks.
650 0 _aRotational motion
_vTextbooks.
650 0 _aDifferential equations, Hyperbolic
_vTextbooks.
906 _a7
_bcbc
_corignew
_d2
_eepcn
_f20
_gy-gencatlg
942 _2lcc
_cBK
_n0
999 _c337
_d337